Statistics for Star Wars Planets and Moons by Trilogy - The Originals

Click here to take the quiz!

General Stats

  • This quiz has been taken 54 times
  • The average score is 8 of 14

Answer Stats

AppearancesAnswer% Correct
Episode IV, VITatooine
97%
Episode VIEndor
92%
Episode VHoth
92%
Episode VBespin
85%
Episode VDagobah
79%
Episode IVYavin
79%
Episode IVAlderaan
74%
Episode IVDantooine
59%
Episode IVYavin 4
33%
Episode IVKessel
31%
Episode IVCorellia
28%
Episode VISullust
23%
Epsisode VOrd Mantell
15%
Episode VAnoat
10%

Score Distribution

Percentile by Number Answered

Percent of People with Each Score

Your Score History

You have not taken this quiz